[Event "2BLO 1718 SC Erlangen - SC Forchheim"]
[Site "?"]
[Date "2017.11.12"]
[Round "4.2"]
[White "Wenninger, Philipp"]
[Black "Rupprecht, Andreas"]
[Result "1-0"]
[WhiteElo "2339"]
[BlackElo "2415"]
[PlyCount "85"]
[EventDate "2017.??.??"]

1. d4 g6 2. c4 Bg7 3. Nc3 Nf6 4. e4 O-O 5. Nf3 d6 6. Be2 e5 7. O-O Nc6 8. d5
Ne7 9. Ne1 Nd7 10. Be3 f5 11. f3 f4 12. Bf2 g5 13. Rc1 Ng6 14. c5 Nxc5 15. b4
Na6 16. Nb5 Bd7 17. a4 h5 18. Nd3 Rf7 19. Nxa7 Bh6 20. b5 Nc5 21. Nxc5 dxc5 22.
Nc6 Qf6 23. Bxc5 bxc6 24. dxc6 Be6 25. b6 cxb6 26. Bxb6 Bf8 27. c7 Rd7 28. Qc2
Ne7 29. a5 Rd6 30. Rfd1 Bc8 31. Rxd6 Qxd6 32. Rd1 Qa3 33. Bc4+ Kg7 34. Bb3 Ba6
35. Qc3 Ng6 36. Rd7+ Kh6 37. Bg8 g4 38. Qxa3 Bxa3 39. Rd8 Rc8 40. Rxc8 Bxc8 41.
Bc4 Nf8 42. a6 Nd7 43. Bf2 1-0

[Event "2BLO 1718 SC Erlangen - SC Forchheim"]
[Site "?"]
[Date "2017.11.12"]
[Round "4.3"]
[White "Heidrich, Manfred"]
[Black "Hilverda, Alexander"]
[Result "1/2-1/2"]
[WhiteElo "2362"]
[BlackElo "2354"]
[PlyCount "243"]
[EventDate "2017.??.??"]

1. e4 e5 2. Nf3 Nc6 3. Bc4 Nf6 4. d4 exd4 5. O-O Nxe4 6. Re1 d5 7. Bxd5 Qxd5 8.
Nc3 Qa5 9. Nxe4 Be6 10. Neg5 O-O-O 11. Nxe6 fxe6 12. Rxe6 h6 13. Qe2 g5 14. Bd2
Bb4 15. Rxc6 bxc6 16. Qe6+ Kb7 17. Qb3 c5 18. c3 dxc3 19. bxc3 c4 20. Qxc4 Bc5
21. Qe4+ c6 22. Rb1+ Bb6 23. c4 Rxd2 24. Nxd2 Qxd2 25. c5 Rd8 26. g3 Qd4 27.
Qc2 Rd7 28. cxb6 axb6 29. Rc1 c5 30. Qg6 Qd6 31. Qe4+ Qd5 32. Qe8 Rd8 33. Qe7+
Rd7 34. Qe8 Rc7 35. Qg6 Qc6 36. Qc2 b5 37. Rb1 Ka7 38. Qc3 Rb7 39. a3 Ka6 40.
Rc1 Rc7 41. h3 Rd7 42. Kh2 Rf7 43. Kg1 c4 44. Rd1 Rf3 45. Qe5 Rd3 46. Rxd3 cxd3
47. Qd4 Qc1+ 48. Kh2 Qxa3 49. Qf6+ Kb7 50. Qf7+ Ka6 51. Qf6+ Kb7 52. Qf7+ Kc6
53. Qf3+ Kd7 54. Qf5+ Kc6 55. Qf3+ Kb6 56. Qf6+ Ka5 57. Qd8+ Ka4 58. Qd4+ Qb4
59. Qxd3 Qb3 60. Qg6 Ka3 61. Qxh6 Qd5 62. h4 gxh4 63. Qxh4 b4 64. Qe7 Qd4 65.
Kg2 Ka2 66. Qe2+ Kb1 67. Qe1+ Kc2 68. Qe2+ Kc3 69. Qe1+ Kc4 70. Qc1+ Qc3 71.
Qf4+ Qd4 72. Qc1+ Kb5 73. Qc2 Qd5+ 74. Kh3 Qh5+ 75. Kg2 Qd5+ 76. Kh3 b3 77. Qc3
Qc4 78. Qe5+ Qc5 79. Qe2+ Ka4 80. Qb2 Kb4 81. Qd2+ Ka3 82. Qd3 Qxf2 83. g4 Qc2
84. Qa6+ Kb4 85. Qb6+ Kc3 86. Qf6+ Kd2 87. Qf4+ Kc3 88. Qf6+ Kd2 89. Qf4+ Kc3
90. Qf6+ Kd2 91. Qf4+ Ke1 92. Qe3+ Kd1 93. Qd4+ Qd2 94. Qa4 Qd3+ 95. Kh4 Ke2
96. Qb4 Qc2 97. Qb5+ Ke1 98. Qe5+ Kf1 99. Qa1+ Kg2 100. Qa8+ Kf1 101. Qa1+ Kf2
102. Qa7+ Ke1 103. Qa1+ Ke2 104. Qe5+ Kd3 105. Qf5+ Kc3 106. Qf6+ Kb4 107. Qb6+
Ka3 108. Qa5+ Kb2 109. g5 Qh7+ 110. Kg4 Qe4+ 111. Kh5 Qh7+ 112. Kg4 Qe4+ 113.
Kh5 Kc2 114. Qc5+ Kd2 115. Qf2+ Kc3 116. Qc5+ Kd2 117. Qf2+ Kc1 118. Qg1+ Kb2
119. g6 Kc3 120. Qc5+ Kd2 121. Qf2+ Kc3 122. Qc5+ 1/2-1/2

[Event "2BLO 1718 SC Erlangen - SC Forchheim"]
[Site "?"]
[Date "2017.11.12"]
[Round "4.4"]
[White "Miller, Eduard"]
[Black "Schulz, Lukas"]
[Result "0-1"]
[WhiteElo "2342"]
[BlackElo "2248"]
[PlyCount "88"]
[EventDate "2017.??.??"]

1. Nf3 Nf6 2. g3 g6 3. b3 Bg7 4. Bb2 O-O 5. Bg2 d6 6. d4 Nbd7 7. O-O c5 8. c4
Rb8 9. Nc3 a6 10. e4 b5 11. cxb5 axb5 12. e5 Ne8 13. e6 fxe6 14. Ng5 Nc7 15.
dxc5 Nxc5 16. b4 N5a6 17. Qb3 Qe8 18. f4 h6 19. Nf3 Qf7 20. Nh4 Bb7 21. Bxb7
Rxb7 22. a3 Bf6 23. Ne2 Nd5 24. Bxf6 exf6 25. Nd4 e5 26. fxe5 dxe5 27. Nc6 Qe6
28. Nxg6 Qxc6 29. Nxf8 Kxf8 30. Rac1 Qe6 31. Qd3 e4 32. Qd4 Re7 33. Rc2 e3 34.
Qh4 Kg7 35. Qh5 Nac7 36. Rc5 e2 37. Re1 Qe3+ 38. Kg2 Qd2 39. Qg4+ Kh8 40. Kf2
Qe3+ 41. Kg2 Rg7 42. Qc8+ Rg8 43. Qb7 Nf4+ 44. Kh1 Ncd5 0-1

[Event "2BLO 1718 SC Erlangen - SC Forchheim"]
[Site "?"]
[Date "2017.11.12"]
[Round "4.5"]
[White "Doeres, Hans-Juergen"]
[Black "Ott, Florian"]
[Result "1/2-1/2"]
[WhiteElo "2196"]
[BlackElo "2345"]
[PlyCount "51"]
[EventDate "2017.??.??"]

1. e4 c5 2. Nf3 d6 3. c3 Nf6 4. h3 g6 5. Bd3 Bg7 6. Bc2 e5 7. d4 exd4 8. cxd4
O-O 9. O-O Nc6 10. Nc3 Re8 11. Be3 b6 12. e5 dxe5 13. dxc5 Ba6 14. Qxd8 Raxd8
15. Rfd1 bxc5 16. Bxc5 Nd7 17. Be3 Nb6 18. Bxb6 axb6 19. Ba4 Bb7 20. Nd5 e4 21.
Bxc6 Bxc6 22. Ne7+ Kf8 23. Rxd8 Rxd8 24. Nxc6 Rd6 25. Nfe5 f6 26. Rc1 1/2-1/2

[Event "2BLO 1718 SC Erlangen - SC Forchheim"]
[Site "?"]
[Date "2017.11.12"]
[Round "4.6"]
[White "Liepold, Stefan"]
[Black "Bade, Joern"]
[Result "1-0"]
[WhiteElo "2168"]
[BlackElo "2289"]
[PlyCount "77"]
[EventDate "2017.??.??"]

1. e4 d6 2. d4 Nf6 3. Nc3 g6 4. Bg5 Bg7 5. Qd2 h6 6. Bf4 g5 7. Bg3 Nh5 8. O-O-O
Nxg3 9. hxg3 Nc6 10. d5 Nd4 11. Nge2 c5 12. Nxd4 Bxd4 13. Nb5 Bf6 14. Na3 a6
15. Nc4 b5 16. Ne3 c4 17. c3 Qc7 18. f4 Bd7 19. Nc2 a5 20. fxg5 Be5 21. Rxh6
Rg8 22. g6 fxg6 23. Nd4 O-O-O 24. Rh7 Bf6 25. Ne6 Bxe6 26. dxe6 d5 27. exd5
Qxg3 28. Kb1 Qg4 29. Be2 Qxg2 30. Ka1 g5 31. Rhh1 Qe4 32. Rhf1 b4 33. Rxf6 exf6
34. cxb4 a4 35. Bxc4 Rd6 36. Bb5 Kd8 37. Re1 Rxd5 38. e7+ Kxe7 39. Qc1 1-0

[Event "2BLO 1718 SC Erlangen - SC Forchheim"]
[Site "?"]
[Date "2017.11.12"]
[Round "4.7"]
[White "Wagner, Robert"]
[Black "Tong, Kevin"]
[Result "1/2-1/2"]
[WhiteElo "2050"]
[BlackElo "2140"]
[PlyCount "139"]
[EventDate "2017.??.??"]

1. d4 d5 2. c4 c6 3. cxd5 cxd5 4. Nc3 Nf6 5. Bf4 Nc6 6. e3 Bf5 7. Qb3 Na5 8.
Qa4+ Bd7 9. Qc2 e6 10. Bd3 Be7 11. Nf3 Nc6 12. a3 Nh5 13. Be5 h6 14. O-O O-O
15. b4 f6 16. Bg3 Nxg3 17. hxg3 f5 18. Na4 Rc8 19. Qb3 b6 20. Rfc1 Nb8 21. Nc3
Bf6 22. Rc2 Qe7 23. Rac1 Rfd8 24. Ne2 Rxc2 25. Rxc2 Qd6 26. Nc3 Qe7 27. Na2 Rc8
28. Rxc8+ Bxc8 29. b5 Qc7 30. Ne1 Be7 31. Nc2 Kf7 32. Nc3 g6 33. Kf1 Bd7 34.
Ke2 Bd6 35. Kd2 Be8 36. Nb4 Kf8 37. Be2 Nd7 38. Bf3 Nf6 39. Nd3 Bd7 40. a4 Kg7
41. Nb4 Nh7 42. Nca2 Ng5 43. Qc2 Qxc2+ 44. Nxc2 Kf6 45. Nab4 Ke7 46. Kc3 Nf7
47. Be2 Nd8 48. Na1 Nb7 49. Nb3 g5 50. Nc2 Be8 51. Nd2 Na5 52. Nb3 Nxb3 53.
Kxb3 Kd7 54. Kc3 Kc7 55. Kd2 Bg6 56. f4 Be8 57. Ke1 Be7 58. Kf2 a6 59. Bd3 a5
60. Be2 Bd6 61. Ne1 Be7 62. Nd3 Bf6 63. Kg1 Kd6 64. Kh2 Ke7 65. Kh3 g4+ 66. Kh2
h5 67. Bd1 Kd6 68. Kg1 Bf7 69. Kf2 Bg6 70. Ne1 {(=)} 1/2-1/2

[Event "2BLO 1718 SC Erlangen - SC Forchheim"]
[Site "?"]
[Date "2017.11.12"]
[Round "4.8"]
[White "Nehls, Benedikt"]
[Black "Staeblein, Christoph"]
[Result "0-1"]
[WhiteElo "1998"]
[BlackElo "2181"]
[PlyCount "104"]
[EventDate "2017.??.??"]

1. d4 Nf6 2. c4 e6 3. Nf3 Bb4+ 4. Bd2 Qe7 5. g3 Nc6 6. Bg2 Bxd2+ 7. Qxd2 Ne4 8.
Qc2 Qb4+ 9. Kf1 d5 10. cxd5 exd5 11. Nc3 Nf6 12. e3 Bf5 13. Qxf5 Qxb2 14. Rb1
Qxc3 15. Bh3 Qc4+ 16. Kg2 Qa6 17. Qg5 O-O 18. Nh4 Qxa2 19. Qf4 Rab8 20. Nf5 Ne4
21. Ra1 Qb2 22. Rhb1 Qc2 23. Rc1 Qd2 24. Rf1 Qe2 25. Bg4 Qc2 26. Rac1 Qb2 27.
Bf3 Rbe8 28. Bxe4 Rxe4 29. Qg5 g6 30. Nh6+ Kg7 31. Rb1 Qc2 32. Rxb7 Re7 33. Ng4
Qe4+ 34. f3 Qf5 35. Qh6+ Kg8 36. Rc1 Qe6 37. Qf4 f5 38. Nf2 Rff7 39. Nd3 Kg7
40. Kf2 h6 41. h4 Qf6 42. g4 Qxh4+ 43. Qg3 Qxg3+ 44. Kxg3 Rxe3 45. Rxc6 Rxd3
46. Rxa7 fxg4 47. Rcxc7 Rdxf3+ 48. Kxg4 h5+ 49. Kg5 Rg3+ 50. Kh4 Rg4+ 51. Kh3
Rxc7 52. Rxc7+ Kh6 0-1

[Event "2BLO 1718 SK Weilheim - Erfurter SK"]
[Site "?"]
[Date "2017.12.09"]
[Round "5.1"]
[White "Braeuer, Franz"]
[Black "Lehner, Oliver"]
[Result "1/2-1/2"]
[WhiteElo "2404"]
[BlackElo "2402"]
[PlyCount "45"]
[EventDate "2017.??.??"]

1. e4 e5 2. Nf3 Nc6 3. Bb5 a6 4. Ba4 Nf6 5. O-O Be7 6. d3 b5 7. Bb3 d6 8. c3
O-O 9. Re1 Bb7 10. Nbd2 Qd7 11. Nf1 Rfe8 12. Ng3 h6 13. h3 Bf8 14. Nh2 d5 15.
Qf3 Na5 16. Bc2 dxe4 17. dxe4 Qc6 18. b3 Rad8 19. Nhf1 Bc8 20. Bb2 Nb7 21. Ne3
Nc5 22. Rad1 Bb7 23. Ng4 1/2-1/2

[Event "2BLO 1718 SK Weilheim - Erfurter SK"]
[Site "?"]
[Date "2017.12.09"]
[Round "5.2"]
[White "Bayer, Bernhard"]
[Black "Votava, Jan"]
[Result "0-1"]
[WhiteElo "2420"]
[BlackElo "2519"]
[PlyCount "90"]
[EventDate "2017.??.??"]

1. Nf3 Nf6 2. c4 c5 3. g3 b6 4. Bg2 Bb7 5. O-O e6 6. b3 Be7 7. Bb2 O-O 8. Nc3
d5 9. cxd5 Nxd5 10. d4 Nd7 11. Rc1 Rc8 12. Nxd5 Bxd5 13. dxc5 Nxc5 14. Rc2 Bf6
15. Qa1 Be4 16. Rd2 Qe7 17. Rfd1 a5 18. Bxf6 Qxf6 19. Qxf6 gxf6 20. Rd6 b5 21.
Rb6 Rfd8 22. Rxd8+ Rxd8 23. Rxb5 Rd1+ 24. Bf1 Nb7 25. Nh4 Kf8 26. Ng2 Ke7 27.
Ne3 Ra1 28. a4 Rb1 29. f4 Bc6 30. Rb6 Kd7 31. Kf2 Nc5 32. Bg2 Bxg2 33. Kxg2
Rxb3 34. Rxb3 Nxb3 35. Kh3 Kd6 36. Kh4 Kc5 37. Kh5 Kd4 38. Ng4 Nc5 39. Nxf6
Nxa4 40. Nd7 Nc3 41. e3+ Kxe3 42. Nc5 a4 43. Kh6 a3 44. Kxh7 Ne2 45. Kg7 Nd4
0-1

[Event "2BLO 1718 SK Weilheim - Erfurter SK"]
[Site "?"]
[Date "2017.12.09"]
[Round "5.3"]
[White "Haba, Petr"]
[Black "Guttenthaler, Franz"]
[Result "1/2-1/2"]
[WhiteElo "2439"]
[BlackElo "2321"]
[PlyCount "40"]
[EventDate "2017.??.??"]

1. e4 e6 2. d4 d5 3. e5 c5 4. c3 Nc6 5. Nf3 Nge7 6. Na3 cxd4 7. cxd4 Nf5 8. Nc2
Bd7 9. Bd3 Qb6 10. O-O Be7 11. g4 Nh6 12. h3 Rc8 13. b4 Nxb4 14. Rb1 Ba4 15.
Ba3 Rxc2 16. Rxb4 Bxb4 17. Bxc2 Bc6 18. Qc1 Qa5 19. Bxb4 Qxb4 20. Qf4 Qe7
1/2-1/2

[Event "2BLO 1718 SK Weilheim - Erfurter SK"]
[Site "?"]
[Date "2017.12.09"]
[Round "5.4"]
[White "Szabo, Marton Mihaly"]
[Black "Enders, Peter"]
[Result "1/2-1/2"]
[WhiteElo "2265"]
[BlackElo "2455"]
[PlyCount "55"]
[EventDate "2017.??.??"]

1. e4 e6 2. d4 d5 3. Nd2 Nf6 4. e5 Nfd7 5. c3 c5 6. Bd3 Nc6 7. Ne2 cxd4 8. cxd4
f6 9. exf6 Nxf6 10. O-O Bd6 11. Nf3 Qc7 12. Nc3 a6 13. Bd2 O-O 14. Rc1 Bd7 15.
Re1 g6 16. h3 Nh5 17. Na4 Nf4 18. Bf1 Rf7 19. Ne5 Bxe5 20. dxe5 Re8 21. Nc5 Nh5
22. Nd3 Ng7 23. Bg5 Qb6 24. Qd2 Na5 25. Be3 Qd8 26. Bg5 Qb6 27. Be3 Qd8 28. Bg5
1/2-1/2

[Event "2BLO 1718 SK Weilheim - Erfurter SK"]
[Site "?"]
[Date "2017.12.09"]
[Round "5.5"]
[White "Mueller, Matthias"]
[Black "Lochte, Thomas"]
[Result "1-0"]
[WhiteElo "2384"]
[BlackElo "2180"]
[PlyCount "53"]
[EventDate "2017.??.??"]

1. e4 e5 2. Nf3 Nc6 3. d4 exd4 4. Nxd4 Nf6 5. Nxc6 bxc6 6. e5 Qe7 7. Qe2 Nd5 8.
c4 Qb4+ 9. Nd2 Nf4 10. Qe3 Ne6 11. Bd3 Bc5 12. Qg3 h5 13. O-O h4 14. Qg4 d6 15.
Nb3 Bd7 16. Bd2 Qb6 17. Ba5 Qa6 18. exd6 cxd6 19. Rae1 Kf8 20. Bc3 Rg8 21. Qxh4
Re8 22. Nxc5 Nxc5 23. Qg3 Nb7 24. Bh7 g6 25. Qh4 Re5 26. Qh6+ Rg7 27. Rxe5 1-0

[Event "2BLO 1718 SK Weilheim - Erfurter SK"]
[Site "?"]
[Date "2017.12.09"]
[Round "5.6"]
[White "Fuchs, Georg"]
[Black "Machelett, Heiko"]
[Result "1/2-1/2"]
[WhiteElo "2204"]
[BlackElo "2388"]
[PlyCount "63"]
[EventDate "2017.??.??"]

1. e4 c5 2. Nf3 e6 3. b3 Nf6 4. e5 Nd5 5. c4 Ne7 6. Bd3 Ng6 7. O-O Nc6 8. Re1
d6 9. exd6 Qxd6 10. Bc2 Be7 11. Bb2 O-O 12. Nc3 Rd8 13. Ne4 Qf4 14. Ng3 Bf8 15.
Re4 Qc7 16. h4 f5 17. Ng5 Bd6 18. Rxe6 Nf8 19. Bxf5 Bxe6 20. Bxe6+ Nxe6 21.
Nxe6 Qf7 22. Nxd8 Rxd8 23. Ne4 Qf4 24. Nxd6 Rxd6 25. Qe2 Rxd2 26. Bc1 Rxe2 27.
Bxf4 Kf7 28. Be3 b6 29. Kf1 Rb2 30. Bc1 Rc2 31. Be3 Rb2 32. Bc1 1/2-1/2

[Event "2BLO 1718 SK Weilheim - Erfurter SK"]
[Site "?"]
[Date "2017.12.09"]
[Round "5.7"]
[White "Voekler, Bernd"]
[Black "Wiesinger, Robert"]
[Result "1/2-1/2"]
[WhiteElo "2355"]
[BlackElo "2224"]
[PlyCount "124"]
[EventDate "2017.??.??"]

1. e4 e5 2. Nf3 Nc6 3. Bb5 a6 4. Ba4 Nf6 5. O-O Be7 6. Re1 b5 7. Bb3 d6 8. c3
O-O 9. d4 Bg4 10. Be3 Bh5 11. h3 exd4 12. cxd4 Na5 13. Bc2 c5 14. Nbd2 Rc8 15.
d5 Nd7 16. Bf4 Bxf3 17. Nxf3 Nc4 18. b3 Nce5 19. Nxe5 dxe5 20. Be3 Nb6 21. Qe2
c4 22. Reb1 Ba3 23. Bxb6 Qxb6 24. bxc4 Qc5 25. Qf3 bxc4 26. Rb7 Rb8 27. Rab1
Rxb7 28. Rxb7 Qa5 29. Qe2 Bc5 30. d6 Qxa2 31. d7 Qa1+ 32. Qd1 Qd4 33. Qxd4 Bxd4
34. Rc7 Rd8 35. Rc8 Bb6 36. Ba4 Kf8 37. Rxc4 a5 38. Kf1 Ke7 39. Ke2 h5 40. h4
Rg8 41. g3 g5 42. Rc6 Rg6 43. hxg5 Rxc6 44. Bxc6 Bc7 45. Ba4 Kf8 46. f4 Bd8 47.
Kf2 Kg7 48. Bd1 Kg6 49. Kg2 h4 50. gxh4 exf4 51. Kf3 f6 52. gxf6 Bxf6 53. Kg4
Kh6 54. h5 Bd8 55. Kxf4 a4 56. Bxa4 Kxh5 57. Kf5 Kh6 58. Ke6 Kg7 59. e5 Kf8 60.
Kd6 Ba5 61. e6 Bb4+ 62. Kc7 Ba5+ 1/2-1/2

[Event "2BLO 1718 SK Weilheim - Erfurter SK"]
[Site "?"]
[Date "2017.12.09"]
[Round "5.8"]
[White "Tafertshofer, Matthias"]
[Black "Casper, Thomas"]
[Result "1/2-1/2"]
[WhiteElo "2038"]
[BlackElo "2365"]
[PlyCount "48"]
[EventDate "2017.??.??"]

1. d4 Nf6 2. c4 d6 3. Nf3 g6 4. Nc3 Bg7 5. e4 O-O 6. Be2 Nbd7 7. O-O e5 8. d5
Nc5 9. Nd2 Bh6 10. Qc2 a5 11. Nb3 Bxc1 12. Raxc1 Nfd7 13. Nxc5 Nxc5 14. Na4
Nxa4 15. Qxa4 b6 16. Qc2 f5 17. f4 Qe7 18. Rce1 exf4 19. Bd3 fxe4 20. Rxe4 Qg7
21. Rexf4 Bd7 22. Qf2 Rxf4 23. Qxf4 Rf8 24. Qxf8+ Qxf8 1/2-1/2

[Event "2BLO 1718 BCA Augsburg - SG AE Magdebur"]
[Site "?"]
[Date "2017.12.09"]
[Round "5.1"]
[White "Degtiarev, Evgeny"]
[Black "Rozentalis, Eduardas"]
[Result "1/2-1/2"]
[WhiteElo "2393"]
[BlackElo "2515"]
[PlyCount "60"]
[EventDate "2017.??.??"]

1. d4 Nf6 2. c4 e6 3. g3 d5 4. Nf3 dxc4 5. Bg2 Bd7 6. Ne5 Bc6 7. Nxc6 Nxc6 8.
O-O Qd7 9. e3 Rd8 10. Qc2 e5 11. dxe5 Nxe5 12. Nd2 c6 13. Nxc4 Nxc4 14. Qxc4
Be7 15. b3 O-O 16. Bb2 Qf5 17. Bd4 a6 18. Rac1 Rd7 19. Qc2 Qh5 20. Qd1 Qg6 21.
Qf3 h5 22. Bxf6 Bxf6 23. Rc5 Qg4 24. Rxh5 Qxf3 25. Bxf3 Rd2 26. Ra5 Rfd8 27.
Rb1 Rc2 28. Be4 Re2 29. Bf3 Rc2 30. Be4 Re2 1/2-1/2

[Event "2BLO 1718 BCA Augsburg - SG AE Magdebur"]
[Site "?"]
[Date "2017.12.09"]
[Round "5.2"]
[White "Kulaots, Kaido"]
[Black "Woellermann, Jan"]
[Result "1-0"]
[WhiteElo "2579"]
[BlackElo "2399"]
[PlyCount "81"]
[EventDate "2017.??.??"]

1. d4 Nf6 2. c4 e6 3. Nf3 d5 4. Nc3 Bb4 5. Qa4+ Nc6 6. e3 O-O 7. Bd2 dxc4 8.
Bxc4 a6 9. Qc2 Bd6 10. a3 e5 11. d5 Ne7 12. h3 Bd7 13. Rd1 Ng6 14. Ng5 Re8 15.
O-O Qc8 16. Bd3 Be7 17. Bc1 Nh5 18. Qe2 Bxg5 19. Qxh5 Be7 20. f4 exf4 21. exf4
f5 22. Kh1 Bd6 23. Bd2 Rf8 24. Ne2 Qd8 25. Qf3 Qf6 26. Bc3 Qh4 27. Kh2 Rae8 28.
g3 Qd8 29. Nd4 Rf7 30. Ne6 Qc8 31. Ng5 Rfe7 32. Nxh7 Kxh7 33. Qh5+ Kg8 34. Qxg6
Rf8 35. Rfe1 Qe8 36. Qg5 Qf7 37. Be2 g6 38. Bh5 Rxe1 39. Rxe1 Kh7 40. Bf3 Kg8
41. Re6 1-0

[Event "2BLO 1718 BCA Augsburg - SG AE Magdebur"]
[Site "?"]
[Date "2017.12.09"]
[Round "5.3"]
[White "Paul, Johannes"]
[Black "Prusikin, Michael"]
[Result "1/2-1/2"]
[WhiteElo "2326"]
[BlackElo "2520"]
[PlyCount "157"]
[EventDate "2017.??.??"]

1. d4 Nf6 2. c4 e6 3. Nf3 Bb4+ 4. Nbd2 b6 5. a3 Bxd2+ 6. Qxd2 O-O 7. e3 a5 8.
Bd3 d5 9. cxd5 exd5 10. O-O Ba6 11. a4 Ne4 12. Qe2 Re8 13. b3 Bxd3 14. Qxd3 Qc8
15. Nd2 Nd7 16. Bb2 Nxd2 17. Qxd2 Nf6 18. Rac1 Re6 19. Rc2 c6 20. Rfc1 Qb7 21.
Qd3 Rae8 22. Bc3 h6 23. Bd2 Ne4 24. Be1 Ng5 25. Bd2 Rg6 26. Kh1 Ne4 27. Be1
Rge6 28. f3 Nf6 29. Bf2 Nd7 30. g4 Nb8 31. Re2 Na6 32. Kg2 Nb4 33. Qf5 Rf6 34.
Qb1 c5 35. Ree1 c4 36. Rc3 Nd3 37. Rf1 Qc6 38. Qd1 h5 39. g5 Rg6 40. h4 Rge6
41. bxc4 Nb2 42. Qc1 Nxc4 43. Qc2 Rxe3 44. Bxe3 Nxe3+ 45. Kg1 Qd7 46. Rxe3 Rxe3
47. Kg2 g6 48. Rb1 Qd6 49. Rb3 Re6 50. Qd2 Qe7 51. Kg3 Qc7+ 52. Qf4 Qc2 53.
Qb8+ Kg7 54. Rxb6 Re1 55. Rb2 Qxa4 56. Qf4 Qc6 57. Qf6+ Qxf6 58. gxf6+ Kxf6 59.
Rb5 Ke6 60. Kf4 a4 61. Rb6+ Ke7 62. Ra6 Re6 63. Rxa4 Rf6+ 64. Kg3 Rf5 65. Ra6
Kf8 66. Rd6 Kg7 67. Rd7 Kf6 68. Ra7 g5 69. Ra6+ Kg7 70. hxg5 Rxg5+ 71. Kf4 f6
72. Ra7+ Kg6 73. Ra8 Rf5+ 74. Kg3 Rg5+ 75. Kf4 Kh7 76. Ra7+ Kh6 77. Ra8 Kg7 78.
Ra7+ Kg6 79. Ra8 1/2-1/2

[Event "2BLO 1718 BCA Augsburg - SG AE Magdebur"]
[Site "?"]
[Date "2017.12.09"]
[Round "5.4"]
[White "Nestorovic, Nikola"]
[Black "Sieber, Fiona"]
[Result "1-0"]
[WhiteElo "2514"]
[BlackElo "2169"]
[PlyCount "95"]
[EventDate "2017.??.??"]

1. e4 e5 2. Nf3 Nc6 3. Bc4 Nf6 4. d3 Be7 5. O-O d6 6. a4 O-O 7. Re1 Na5 8. Ba2
c5 9. c3 Nc6 10. Na3 h6 11. Bd2 a6 12. h3 Re8 13. Nc4 Be6 14. a5 Bxc4 15. Bxc4
Nxa5 16. Ba2 c4 17. dxc4 Qc7 18. Qe2 Rac8 19. b3 Nd7 20. Nh2 Qc6 21. Ng4 Nf8
22. Bxh6 Ne6 23. Bd2 Bg5 24. Bxg5 Nxg5 25. Ne3 Nxe4 26. b4 Nxc3 27. Qb2 Nxc4
28. Bxc4 b5 29. Qxc3 bxc4 30. Ra5 Qb7 31. Rd1 Rc6 32. Rad5 Qc7 33. h4 Rb8 34.
Nf5 Rbb6 35. h5 f6 36. R5d2 Qd7 37. g4 Kh8 38. Rd5 Qe6 39. f3 Kh7 40. Kg2 Kh8
41. Kg3 Kh7 42. Qc2 Kh8 43. Qe4 Qd7 44. h6 g5 45. Nxd6 Rxd6 46. Qg6 e4 47. Rxd6
Rxd6 48. Qg7+ 1-0

[Event "2BLO 1718 BCA Augsburg - SG AE Magdebur"]
[Site "?"]
[Date "2017.12.09"]
[Round "5.5"]
[White "Melamed, Tatjana"]
[Black "Arnaudov, G. Petar"]
[Result "1/2-1/2"]
[WhiteElo "2338"]
[BlackElo "2439"]
[PlyCount "73"]
[EventDate "2017.??.??"]

1. e4 c6 2. d4 d5 3. Nc3 dxe4 4. Nxe4 Bf5 5. Ng3 Bg6 6. h4 h6 7. Nf3 e6 8. h5
Bh7 9. Bd3 Bxd3 10. Qxd3 Nf6 11. Bd2 c5 12. Ne4 Nc6 13. dxc5 Qxd3 14. cxd3
O-O-O 15. Ke2 Nd5 16. d4 f5 17. Nc3 Ndb4 18. Be3 Nc2 19. Rad1 f4 20. Bxf4
N2xd4+ 21. Nxd4 Nxd4+ 22. Kf1 Bxc5 23. Rc1 Nc6 24. Ne4 b6 25. Nd6+ Kd7 26. Nf7
Rdf8 27. Nxh8 Rxf4 28. Rc2 Rd4 29. g3 Rd3 30. Ng6 e5 31. Kg2 Kd6 32. Re2 Kd5
33. Rhe1 Bd6 34. Re3 Rd2 35. R3e2 Rd3 36. Re3 Rd2 37. R3e2 1/2-1/2

[Event "2BLO 1718 BCA Augsburg - SG AE Magdebur"]
[Site "?"]
[Date "2017.12.09"]
[Round "5.6"]
[White "Schmittdiel, Eckhard"]
[Black "Andre, Gordon"]
[Result "1/2-1/2"]
[WhiteElo "2444"]
[BlackElo "2277"]
[PlyCount "98"]
[EventDate "2017.??.??"]

1. c4 Nf6 2. d3 c6 3. Bg5 d5 4. Bxf6 exf6 5. Nd2 dxc4 6. Nxc4 Bb4+ 7. Nd2 O-O
8. a3 Ba5 9. Ngf3 Re8 10. Qc2 Bg4 11. e3 Nd7 12. Be2 Qe7 13. O-O Ne5 14. Nc4
Bxf3 15. Nxa5 Bxe2 16. Qxe2 Rad8 17. d4 Ng6 18. Qc2 f5 19. g3 f4 20. exf4 Qd7
21. f5 Ne7 22. f6 Nf5 23. Nb3 g6 24. Rae1 Qd6 25. Qc5 Qxf6 26. Qxa7 Rxe1 27.
Rxe1 Nxd4 28. Nxd4 Rxd4 29. Qxb7 Rd2 30. Qb8+ Kg7 31. Qe5 Rxb2 32. Qxf6+ Kxf6
33. Re3 Ra2 34. h3 c5 35. Kf1 c4 36. Ke1 h5 37. h4 Kf5 38. f4 f6 39. Kd1 Rb2
40. Kc1 Rb6 41. Kc2 Ra6 42. Kb2 Kg4 43. Rc3 Kh3 44. Kc1 Kg2 45. Kb2 Kf2 46. Kc1
f5 47. Kc2 Ke2 48. Kb2 Rb6+ 49. Kc2 Ra6 1/2-1/2

[Event "2BLO 1718 BCA Augsburg - SG AE Magdebur"]
[Site "?"]
[Date "2017.12.09"]
[Round "5.7"]
[White "Schoene, Maria"]
[Black "Kukov, Velislav"]
[Result "1/2-1/2"]
[WhiteElo "2254"]
[BlackElo "2385"]
[PlyCount "50"]
[EventDate "2017.??.??"]

1. e4 g6 2. d4 Bg7 3. Nc3 c6 4. f4 d5 5. e5 Nh6 6. Be3 f6 7. Nf3 Bg4 8. Bd3 O-O
9. O-O e6 10. h3 Bxf3 11. Rxf3 fxe5 12. fxe5 c5 13. Rxf8+ Bxf8 14. Bxh6 Bxh6
15. Qg4 Qe7 16. Nxd5 exd5 17. Qc8+ Kg7 18. Rf1 Be3+ 19. Kh1 Bxd4 20. e6 Bf6 21.
c4 dxc4 22. Bxc4 a5 23. a4 Kh6 24. Rxf6 Qxf6 25. Qxb7 Qe5 1/2-1/2

[Event "2BLO 1718 BCA Augsburg - SG AE Magdebur"]
[Site "?"]
[Date "2017.12.09"]
[Round "5.8"]
[White "Lipok, Christoph"]
[Black "Roseneck, Jonas"]
[Result "1-0"]
[WhiteElo "2267"]
[BlackElo "2287"]
[PlyCount "59"]
[EventDate "2017.??.??"]

1. d4 d5 2. c4 e6 3. Nc3 Bb4 4. Qc2 c5 5. cxd5 exd5 6. a3 Ba5 7. dxc5 d4 8. b4
dxc3 9. Qxc3 Nf6 10. bxa5 O-O 11. Bb2 Nc6 12. Nf3 Nxa5 13. Rd1 Qc7 14. g4 Be6
15. g5 Nh5 16. Nd4 Rad8 17. e3 Bg4 18. f3 Bc8 19. Be2 Rd5 20. c6 b6 21. f4 Nxf4
22. Nb5 Rxd1+ 23. Bxd1 Nd3+ 24. Ke2 Qe5 25. Qxe5 Nxe5 26. Bxe5 Re8 27. Bf4 Ba6
28. a4 Nxc6 29. Kf2 Nb4 30. Nc7 1-0

[Event "2BLO 1718 SC Garching - SC Erlangen"]
[Site "?"]
[Date "2017.12.09"]
[Round "5.1"]
[White "Klek, Hanna Marie"]
[Black "Stocek, Jiri"]
[Result "1-0"]
[WhiteElo "2373"]
[BlackElo "2566"]
[PlyCount "61"]
[EventDate "2017.??.??"]

1. e4 c5 2. Nf3 Nc6 3. d4 cxd4 4. Nxd4 Nf6 5. Nc3 d6 6. Bg5 Qb6 7. Nb3 e6 8.
Qd2 a6 9. f3 Qc7 10. O-O-O b5 11. Qf2 Rb8 12. Kb1 h5 13. Bd3 Ne5 14. Rhe1 b4
15. Ne2 a5 16. f4 Nxd3 17. cxd3 Ba6 18. Qf3 Qb6 19. Nd2 Ng4 20. Nc4 Nxh2 21.
Qg3 Bxc4 22. dxc4 Ng4 23. Nd4 a4 24. Re2 Qc5 25. e5 b3 26. exd6 bxa2+ 27. Ka1
Qxd6 28. Qe1 e5 29. Nb5 Qc5 30. Rd5 Qxc4 31. Rexe5+ 1-0

[Event "2BLO 1718 SC Garching - SC Erlangen"]
[Site "?"]
[Date "2017.12.09"]
[Round "5.2"]
[White "Krivoborodov, Egor"]
[Black "Wenninger, Philipp"]
[Result "1/2-1/2"]
[WhiteElo "2539"]
[BlackElo "2341"]
[PlyCount "93"]
[EventDate "2017.??.??"]

1. d4 c6 2. e4 d5 3. exd5 cxd5 4. c3 Nc6 5. Bf4 Bf5 6. Nf3 e6 7. Qb3 Qc8 8.
Nbd2 Be7 9. Ne5 Nf6 10. Be2 Nxe5 11. Bxe5 O-O 12. O-O Qd7 13. Rfd1 Ng4 14. Bg3
Bd6 15. Nf1 Nf6 16. Bxd6 Qxd6 17. Ne3 Bg6 18. c4 dxc4 19. Bxc4 Be4 20. d5 exd5
21. Nxd5 Bxd5 22. Bxd5 Nxd5 23. Rxd5 Qe7 24. Rad1 Rad8 25. g3 Rxd5 26. Qxd5 g6
27. Rd3 b6 28. Kg2 Rc8 29. Re3 Qd8 30. Qe4 Qd7 31. b3 Qc6 32. Qxc6 Rxc6 33. Re7
a5 34. Rb7 Kg7 35. g4 g5 36. Rd7 Rc5 37. Rd6 Rb5 38. Kg3 Rb4 39. h4 gxh4+ 40.
Kxh4 f5 41. Kg5 fxg4 42. Rd7+ Kg8 43. Rb7 a4 44. bxa4 Rxa4 45. Rb8+ Kg7 46.
Rb7+ Kg8 47. Rb8+ {(=)} 1/2-1/2